NELINEÁRNA EKVALIZÁCIA RÁDIOKOMUNIKAČNÝCH KANÁLOV

Bibliographic Details
Main Authors: Stránský, Václav (Author), Chmúrny, Ján, 1923-2009 (Author)
Format: Article
Language:Slovak

MARC

LEADER 00000nab a2200000 a 4500
001 vtls011132136
003 SK-MaSNL
005 20260303150929.0
008 230222|1998 xo |||||||||||||||||slo|
015 |a SNBRB 
035 |a (uuid)58e92f47-f6c1-43d4-87e7-8cf07391bf97 
035 |a (urnnbn)urn:nbn:sk:snk:ar-a09mar 
035 |a urn:nbn:sk:snk-aba9yv 
040 |a SNKBUCL  |b slo  |c SNKBUCL  |e AACR2 
041 0 |a slo 
044 |a xo  |c SK 
100 1 |a Stránský, Václav  |4 aut  |9 461544 
245 1 0 |a NELINEÁRNA EKVALIZÁCIA RÁDIOKOMUNIKAČNÝCH KANÁLOV  |c Václav Stránský, Ján Chmúrny 
700 1 |a Chmúrny, Ján,  |d 1923-2009  |4 aut  |9 13779 
773 0 |t Zborník Vojenskej akadémie Slovenského národného povstania  |g Roč. 5, č. 1 (1998), s. 76-83 
954 |a odborná, vedecká literatúra pôvodná (slovenská)  |2 lita 
958 |a OND 
958 |a EUIPO 
958 |a article13 
999 |c 2014608  |d 2016538